Catálogo
 En Linea

Aportes del inmigrante haitiano a la economía dominicana / (Registro nro. 2125)

Detalles MARC
000 -CABECERA
campo de control de longitud fija 01110nam a2200265 a 4500
001 - NÚMERO DE CONTROL
campo de control 000002280
005 - FECHA Y HORA DE LA ÚLTIMA TRANSACCIÓN
campo de control 20240419192441.0
008 - DATOS DE LONGITUD FIJA--INFORMACIÓN GENERAL
campo de control de longitud fija 090701s2007 dr abd r 000 0 spa d
040 ## - FUENTE DE LA CATALOGACIÓN
Centro catalogador/agencia de origen DO-SdBNP
Lengua de catalogación spa
Centro/agencia transcriptor BNPHU
082 ## - NÚMERO DE LA CLASIFICACIÓN DECIMAL DEWEY
Número de clasificación 331.62097293
Número de documento/Ítem A644i
245 00 - MENCIÓN DE TÍTULO
Título Aportes del inmigrante haitiano a la economía dominicana /
Mención de responsabilidad, etc. presentación Antonio Pol Emil.
260 ## - PUBLICACIÓN, DISTRIBUCIÓN, ETC.
Lugar de publicación, distribución, etc. Santo Domingo :
Nombre del editor, distribuidor, etc. Centro Cultural Domínico Haitiano,
Fecha de publicación, distribución, etc. 2007.
300 ## - DESCRIPCIÓN FÍSICA
Extensión 216, [50] p. :
Otras características físicas il. , retr., mapas ;
Dimensiones 22 cm.
500 ## - NOTA GENERAL
Nota general Estudio realizado para el Centro Cultural Domínico Haitiano por EPISA
500 ## - NOTA GENERAL
Nota general Incluye índice y anexos
500 ## - NOTA GENERAL
Nota general Incluye cuestionarios y entrevistas utilizados en las encuentas
504 ## - NOTA DE BIBLIOGRAFÍA, ETC.
Nota de bibliografía, etc. Incluye referencias bibliográficas
590 ## - NOTA LOCAL (RLIN)
Nota local Inventariado, 2018/VM
650 #4 - PUNTO DE ACCESO ADICIONAL DE MATERIA--TÉRMINO DE MATERIA
Término de materia o nombre geográfico como elemento de entrada Trabajadores extranjeros
Subdivisión general Aspectos económicos
Subdivisión geográfica República Dominicana
9 (RLIN) 7265
650 #0 - PUNTO DE ACCESO ADICIONAL DE MATERIA--TÉRMINO DE MATERIA
Término de materia o nombre geográfico como elemento de entrada Trabajadores migratorios
9 (RLIN) 7266
651 #4 - PUNTO DE ACCESO ADICIONAL DE MATERIA--NOMBRE GEOGRÁFICO
Nombre geográfico Haití
Subdivisión general Emigración E Inmigración
9 (RLIN) 1425
651 #4 - PUNTO DE ACCESO ADICIONAL DE MATERIA--NOMBRE GEOGRÁFICO
Nombre geográfico Haitianos En República Dominicana
9 (RLIN) 1426
700 1# - PUNTO DE ACCESO ADICIONAL--NOMBRE DE PERSONA
Nombre de persona Pol Emil , Antonio
9 (RLIN) 7267
910 ## - DATOS DE OPCIÓN DEL USUARIO (OCLC)
Datos de opción del usuario Jornada de catalogación
Existencias
Estado de retiro Estado de pérdida No para préstamo Código de colección Localización permanente Ubicación/localización actual Ubicación en estantería Fecha de adquisición Número de inventario Total de préstamos Signatura topográfica completa Código de barras Fecha visto por última vez Precio válido a partir de Tipo de ítem Koha Restricciones de uso Número de copia
    Excluido de préstamo Patrimonio Dominicano General General Depósito 02.07.2009 LF1   331.62097293 A644i 2280-10 25.06.2020 25.06.2020 Libro y Folleto Colección Patrimonio Dominicano    
      Dominicana de Servicio General General Depósito 26.08.2009 LF1   331.62097293 A644i 2280-30 25.06.2020 25.06.2020 Libro y Folleto Colección Dominicana de Servicio   e. 3
    Excluido de préstamo Patrimonio Dominicano Patrimonio Dominicano Patrimonio Dominicano Depósito 02.07.2009 LF1   331.62097293 A644i 2280-20 25.06.2020 25.06.2020 Libro y Folleto Colección Patrimonio Dominicano   e. 2
      Dominicana de Servicio Patrimonio Dominicano Patrimonio Dominicano Depósito 17.09.2013 LF1   331.62097293 A644i 2280-40 25.06.2020 25.06.2020 Libro y Folleto Colección Dominicana de Servicio   e. 4

Con tecnología Koha